| 000 | 00455 a2200121 4500 | ||
|---|---|---|---|
| 001 | ART_15659 | ||
| 005 | 20260410161918.0 | ||
| 008 | 260409a | ||
| 245 | 1 | 0 | _aIdentificación y clasificación de los stakeholders en el marco gri g3. |
| 100 | 1 | _aPalacios, Clide Lidia | |
| 700 | 1 | _aMendez, Silvana Edelma | |
| 773 | 0 |
_tDocumentos de trabajo de contabilidad, auditoría y responsabilidad social _g- Año 1, Nº 2 (dic. 2011) _wREV14385 |
|
| 999 |
_c27445 _d27445 |
||